000 00643nam a22002297a 4500
003 UA-OsUOA
001 96626
007 ta
008 20130320b un ||||| |||| 00| 0 ukr d
100 _aЛебедев В.
090 _a821.161.1
_bЛ33
942 _cBK
040 _aUA-OsUOA
_brus
_cUA-OsUOA
_dUA-OsUOA
245 _aОбреченная воля
_bповесть о Кондратии Булавине
300 _a431 с.
955 _a3
041 _arus
080 _a821.161.1
260 _aМ.
_bПолитиздат
_c1976
650 7 _a82 Література. Літературознавство
_2UDC
999 _c382881
_d382881